[Event "100th ch-GBR 2013"]
[Site "Torquay ENG"]
[Date "2013.07.30"]
[Round "2.20"]
[White "Wang,Maria"]
[Black "Chapman,T"]
[Result "0-1"]
[WhiteElo "1817"]
[BlackElo "2308"]

1.e4 c5 2.Nf3 e6 3.d4 cxd4 4.Nxd4 Nc6 5.Nc3 Qc7 6.Be3 a6 7.Be2 Nf6 8.Qd2 Bb4
9.f3 d5 10.exd5 Nxd5 11.Nxc6 Bxc3 12.bxc3 Nxe3 13.Qxe3 Qxc6 14.Qd4 O-O 15.Rd1 e5
16.Qe3 Be6 17.a3 Rac8 18.O-O Qxc3 19.Bd3 b5 20.Rfe1 Rc5 21.Rb1 f5 22.Ra1 a5
23.Red1 h6 24.h4 Kh8 25.Kh2 e4 26.fxe4 f4 27.Qf2 Qe5 28.Kg1 g5 29.Rab1 Rfc8
30.Rf1 Bc4 31.hxg5 hxg5 32.Qf3 Qd4+ 33.Qf2 Qxf2+ 34.Kxf2 Kg7 35.Rfd1 Bf7
36.Rb2 Be8 37.Rb3 Kf6 38.Rdb1 a4 39.Rb4 g4 40.e5+ Kg5 41.Re1 g3+ 42.Kf1 Bc6
43.e6 Rh8 44.Kg1 f3 45.Reb1 f2+ 46.Kf1 Re5 47.Be4 Rh1+ 48.Ke2 Rxb1  0-1

[Event "Dutch Open 2013"]
[Site "Dieren NED"]
[Date "2013.07.31"]
[Round "8.7"]
[White "Von Meijenfeldt,Bart"]
[Black "Hendriks,W"]
[Result "0-1"]
[WhiteElo "2184"]
[BlackElo "2417"]

1.e4 c5 2.Nf3 Nc6 3.d4 cxd4 4.Nxd4 e6 5.Nc3 Qc7 6.Be3 a6 7.Qd2 Nf6 8.O-O-O Bb4
9.f3 O-O 10.g4 b5 11.g5 Nh5 12.a3 Be7 13.Nce2 Na5 14.Kb1 Nc4 15.Qc3 Bb7 16.Ka1 Rac8
17.Bc1 Qe5 18.f4 Qxe4 19.Rg1 Nxa3 20.bxa3 Rxc3 21.Nxc3 Qg6 22.Bd3 f5 23.gxf6 Qxf6
24.Bb2 Bc5 25.Nce2 Qe7 26.Rg5 Nxf4 27.Rdg1 Nxd3 28.Rxg7+ Qxg7 29.Rxg7+ Kxg7
30.Nf5+ Kg6  0-1

[Event "39th Sitges Open"]
[Site "Sitges ESP"]
[Date "2013.07.31"]
[Round "9.7"]
[White "Salomon,J"]
[Black "Firman,N"]
[Result "0-1"]
[WhiteElo "2211"]
[BlackElo "2526"]

1.e4 c5 2.Nf3 e6 3.d4 cxd4 4.Nxd4 Nc6 5.Nc3 d6 6.Be3 Nf6 7.f3 Bd7 8.Qd2 Qb8
9.O-O-O Nxd4 10.Qxd4 b5 11.g4 b4 12.Ne2 h6 13.h4 e5 14.Qd2 a5 15.Rg1 Be6
16.Kb1 g6 17.g5 hxg5 18.hxg5 Nd7 19.f4 a4 20.Nc1 b3 21.cxb3 axb3 22.a3 Ra4
23.Bd3 exf4 24.Bxf4 Bg7 25.Qe2 O-O 26.Qh2 Ne5 27.Rh1 Rc8 28.Ne2 Qa8 29.Ng3 Rxa3
30.bxa3 Qxa3 31.Nf5 gxf5 32.exf5 Qa2+ 33.Qxa2 bxa2+ 34.Ka1 Nxd3+ 35.f6 Nxf4
36.fxg7 Rc6 37.Rh4 Nd5 38.Re4 Nc3 39.Rc1 Rb6 40.Rxc3 Rb1+  0-1

[Event "100th ch-GBR 2013"]
[Site "Torquay ENG"]
[Date "2013.07.31"]
[Round "3.2"]
[White "Lane,G"]
[Black "Gordon,S"]
[Result "0-1"]
[WhiteElo "2401"]
[BlackElo "2521"]

1.e4 c5 2.Nf3 e6 3.d4 cxd4 4.Nxd4 Nc6 5.Nc3 Qc7 6.f4 a6 7.Nxc6 Qxc6 8.Bd3 b5
9.Qe2 Bb7 10.Bd2 Bc5 11.a3 Ne7 12.O-O-O Bd4 13.Rhe1 Rb8 14.f5 Qb6 15.Be3 Bc6
16.Na2 Bxe3+ 17.Qxe3 a5 18.g4 Qc7 19.e5 b4 20.axb4 axb4 21.Qc5 Qb6 22.Qxb6 Rxb6
23.Be4 h5 24.f6 gxf6 25.exf6 Bxe4 26.Rxe4 Nc6 27.g5 Rb5 28.Rd3 Rxg5 29.Nxb4 Rg1+
30.Rd1 Rg4 31.Rxg4 hxg4 32.Nxc6 dxc6 33.Rd2 Rh6 34.Rf2 Kd7 35.b4 Rh4 36.Kd2 g3
37.hxg3 Rxb4 38.Ke3 e5 39.Kf3 Ke6 40.Kg2 Rg4 41.Rf3 e4 42.Ra3 Rg6 43.Kf2 Rxf6+
44.Ke2 Rg6 45.Kf2 Kd5 46.Ke2 c5 47.Ra7 Rxg3 48.Rxf7 Rg2+ 49.Kd1 Kd4 50.Rh7 Rf2
51.Rh3 Rf3 52.Rh4 c4 53.Ke2 Rg3 54.Kd2 c3+ 55.Ke2 Rg2+ 56.Kd1 Rg1+ 57.Ke2 Rc1  0-1

[Event "Sparkassen Open A 2013"]
[Site "Dortmund GER"]
[Date "2013.08.01"]
[Round "6.30"]
[White "Herzum,Peter"]
[Black "Hecht,C"]
[Result "1-0"]
[WhiteElo "1882"]
[BlackElo "2087"]

1.e4 c5 2.Nf3 e6 3.Nc3 Nc6 4.d4 cxd4 5.Nxd4 Qc7 6.Be2 a6 7.O-O Nf6 8.Be3 Be7
9.f4 d6 10.Bf3 O-O 11.a4 Bd7 12.Qe1 Rfe8 13.Qf2 Rac8 14.g4 Nxd4 15.Bxd4 Bc6
16.g5 Nd7 17.Bh5 g6 18.Bg4 Bf8 19.Qh4 Bg7 20.Bxg7 Kxg7 21.a5 f5 22.Bf3 fxe4
23.Nxe4 Bxe4 24.Bxe4 Nc5 25.Bg2 Rf8 26.b4 Nd7 27.Qh6+ Kg8 28.Rae1 Qc4 29.Re4 Qd5
30.Qh3 Rf5 31.c3 Rcf8 32.Qe3 Re8 33.Bh3  1-0

[Event "10th Plancoet Open A"]
[Site "Plancoet FRA"]
[Date "2013.08.01"]
[Round "6.13"]
[White "Das,Arg"]
[Black "Bizovi,M"]
[Result "1/2-1/2"]
[WhiteElo "2493"]
[BlackElo "2137"]

1.e4 c5 2.Nc3 e6 3.Nf3 Nc6 4.d4 cxd4 5.Nxd4 Qc7 6.Be3 a6 7.Qd2 Nf6 8.O-O-O Bb4
9.f3 Ne7 10.Nde2 d5 11.Bg5 dxe4 12.Bxf6 gxf6 13.Qd4 exf3 14.Qxb4 fxe2 15.Bxe2 f5
16.Bf3 Rb8 17.g4 fxg4 18.Qxg4 Ng6 19.Kb1 Qf4 20.Qg2 O-O 21.h4 Kh8 22.Ne2 Qh6
23.h5 Ne5 24.Qg3 f6 25.Be4  1/2-1/2

[Event "10th Plancoet Open A"]
[Site "Plancoet FRA"]
[Date "2013.08.01"]
[Round "7.2"]
[White "Guliyev,N"]
[Black "Manea,Al"]
[Result "1/2-1/2"]
[WhiteElo "2569"]
[BlackElo "2389"]

1.e4 c5 2.Nf3 e6 3.d4 cxd4 4.Nxd4 Nc6 5.Nc3 Qc7 6.f4 Nxd4 7.Qxd4 b6 8.Bd2 Bb7
9.O-O-O Nf6 10.e5 Nd5 11.Nxd5 Bxd5 12.Kb1 Qc6 13.Be3 Rc8 14.Qd2 Bb4 15.Qf2 Qa4
16.b3 Qa5 17.c4 Bc6 18.Bd3 g6 19.Rhg1 Bc5 20.g4 Bxe3 21.Qxe3 Qc5 22.Qe2 h5
23.gxh5 gxh5 24.Rg5 h4 25.Rg7 a5 26.f5 a4 27.fxe6 dxe6 28.Rf1 Rc7 29.Rf6 Re7
30.Be4 Rf8 31.Rg4 axb3 32.axb3 Ra7 33.Bxc6+ Qxc6 34.Rxh4 Qa8 35.Qb2 Qh1+
36.Kc2 Rg8 37.Rf2 Qe1 38.Rhf4 Rg4 39.Qb1 Qe3 40.R4f3 Qxe5 41.Qb2 Qe4+ 42.Rd3 Rd7
43.Qh8+ Ke7 44.Qf6+ Ke8 45.Qh8+ Ke7 46.Qf6+ Ke8 47.Qh8+ Ke7 48.Qf6+  1/2-1/2

[Event "9th Ribeira Valley Open 2013"]
[Site "Registro BRA"]
[Date "2013.08.01"]
[Round "5.1"]
[White "Mekhitarian,K"]
[Black "Barbosa,Ev"]
[Result "1/2-1/2"]
[WhiteElo "2533"]
[BlackElo "2441"]

1.e4 c5 2.Nf3 e6 3.d4 cxd4 4.Nxd4 Nc6 5.Nc3 Qc7 6.Be3 a6 7.Qd2 Nf6 8.O-O-O Be7
9.f3 b5 10.g4 Nxd4 11.Qxd4 Bb7 12.g5 Nh5 13.Kb1 Rc8 14.a3 Bc5 15.Qd2 Bxe3
16.Qxe3 O-O 17.Rd2 Rfd8 18.Rg1  1/2-1/2

[Event "9th Tabor Open 2013"]
[Site "Tabor CZE"]
[Date "2013.08.01"]
[Round "6.51"]
[White "Sustr,Dominik"]
[Black "Hampel,R"]
[Result "1-0"]
[WhiteElo "1520"]
[BlackElo "1790"]

1.e4 c5 2.Nf3 e6 3.Nc3 Nc6 4.d4 cxd4 5.Nxd4 Nf6 6.Nf3 Bb4 7.Nd2 O-O 8.f4 Qa5
9.Qf3 d5 10.e5 Nd7 11.Nb3 Qd8 12.a3 Be7 13.Bd3 Nc5 14.Nxc5 Bxc5 15.g4 f5
16.gxf5 exf5 17.Qxd5+ Qxd5 18.Nxd5 Bd7 19.Be3 Nd4 20.Bxd4 Bxd4 21.c3 Bc5
22.b4 Bb6 23.Nxb6 axb6 24.Bc4+ Kh8 25.Bd5 Bc6 26.Bxc6 bxc6 27.Ke2 g5 28.Ke3 g4
29.Rhd1 Rfd8 30.Rd6 Rxd6 31.exd6  1-0

[Event "I Vecindario GM"]
[Site "Vecindario ESP"]
[Date "2013.08.01"]
[Round "1.5"]
[White "Rudolf,An"]
[Black "Garcia Blanco,O"]
[Result "1-0"]
[WhiteElo "2301"]
[BlackElo "2253"]

1.e4 c5 2.Nf3 e6 3.d4 cxd4 4.Nxd4 Nc6 5.Nc3 Qc7 6.Be2 a6 7.O-O Nf6 8.Be3 Be7
9.f4 d6 10.Qe1 O-O 11.Qg3 Bd7 12.Kh1 Kh8 13.Rad1 Rae8 14.Nf3 Nb4 15.Rd2 d5
16.e5 Ne4 17.Nxe4 dxe4 18.Ng5 Bxg5 19.fxg5 Nd5 20.Bd4 Bb5 21.Bxb5 axb5 22.Qf2 e3
23.Bxe3 Qxe5 24.Bc5 Rg8 25.Qxf7 Qxg5 26.Rdf2 Nf6 27.Be7 Rxe7 28.Qxe7 Qe5
29.Qb4 h6 30.Re1 Qd5 31.Rfe2 Rc8 32.Qb3 Rc4 33.Rxe6 Qd2 34.R6e2 Qd5 35.Qf3 Qc5
36.Re8+  1-0

[Event "Biel MTO 2013"]
[Site "Biel SUI"]
[Date "2013.08.02"]
[Round "11.17"]
[White "Nuri,Kam"]
[Black "Minko,V"]
[Result "1/2-1/2"]
[WhiteElo "2244"]
[BlackElo "2312"]

1.e4 c5 2.Nc3 Nc6 3.Nge2 e6 4.d4 cxd4 5.Nxd4 Qc7 6.Be3 a6 7.Qd2 Nf6 8.f3 Bb4
9.O-O-O Ne7 10.Nde2 b5 11.Kb1 Ba5 12.Bf4 e5 13.Bg5 h5 14.h4 Bb7 15.Qd6 Qxd6
16.Rxd6 Bc7 17.Rd2 d5 18.Bxf6 gxf6 19.exd5 O-O-O 20.Ng3 Nxd5 21.Nxd5 Bxd5
22.Bd3 Kb8 23.Rhd1 Be6 24.c3 Bb6 25.Be4 Rxd2 26.Rxd2 Kc7 27.Nf5 Rg8 28.Kc2 Bc5
29.b4 Bb6 30.a3 Bc4 31.Ne7 Rg7 32.Nf5 Rg8 33.Kd1 Bb3+ 34.Kc1 Be6 35.Ne7 Rg7
36.Nf5 Rg8 37.Ne7 Rg7 38.Nf5  1/2-1/2

[Event "Politiken Cup 2013"]
[Site "Helsingor DEN"]
[Date "2013.08.02"]
[Round "8.6"]
[White "Erenburg,S"]
[Black "Rasmussen,A"]
[Result "1-0"]
[WhiteElo "2615"]
[BlackElo "2502"]

1.e4 c5 2.Nf3 e6 3.d4 cxd4 4.Nxd4 Nc6 5.Nc3 Qc7 6.Be3 a6 7.Qd2 Nf6 8.O-O-O Be7
9.f3 b5 10.g4 Nxd4 11.Qxd4 Bb7 12.g5 Nh5 13.Kb1 Rc8 14.Qd2 b4 15.Na4 Bc6
16.Nb6 Rb8 17.Nd5 exd5 18.exd5 Ba4 19.b3 Bd6 20.bxa4 O-O 21.Bxa6 Qa5 22.Bc4 Qxa4
23.Rhe1 g6 24.Bb3 Qb5 25.Bd4 Bf4 26.Qg2 Rfe8 27.Bb2 d6 28.Qg1 Ng7 29.Qg4 Nh5
30.Bc1 Bxc1 31.Rxc1 Ng7 32.Re4 Rxe4 33.fxe4 Re8 34.h4 Qc5 35.Rf1 Re7 36.Qf3 Qc7
37.Qd3 Qc5 38.Qf3 Qc7 39.Qf4 Re5 40.Qg4 Re7 41.e5 Qc3 42.e6 Nf5 43.Qf4 Rc7
44.h5 Kf8 45.hxg6 hxg6 46.Qh2 Kg8 47.Rh1 Qg7 48.Qd2 Qc3 49.Qh2 Qg7 50.Ba4 fxe6
51.dxe6 Re7 52.Bd7 Qd4 53.Qg2 Rh7 54.Re1 Qc3 55.Rf1 Rh4 56.e7  1-0

[Event "Politiken Cup 2013"]
[Site "Helsingor DEN"]
[Date "2013.08.02"]
[Round "8.84"]
[White "Alquist,E"]
[Black "Sjol,H"]
[Result "1-0"]
[WhiteElo "2053"]
[BlackElo "1871"]

1.e4 c5 2.Nf3 e6 3.d4 cxd4 4.Nxd4 Nc6 5.Nc3 a6 6.g3 Qc7 7.Bg2 Nf6 8.O-O d6
9.Re1 Be7 10.Nxc6 bxc6 11.e5 dxe5 12.Rxe5 Nd5 13.Qe1 Nxc3 14.Qxc3 Bd7 15.Bf4 Qb6
16.Rd1 O-O-O 17.Be3 Qb7 18.Re4 Bf6 19.Qe1 Be8 20.Rxd8+ Bxd8 21.Rb4 Qd7 22.Qe2  1-0

[Event "Politiken Cup 2013"]
[Site "Helsingor DEN"]
[Date "2013.08.02"]
[Round "8.57"]
[White "Hansen,Ras"]
[Black "Svorono,Gabriel"]
[Result "1-0"]
[WhiteElo "1945"]
[BlackElo "1819"]

1.e4 c5 2.Nf3 Nc6 3.d4 cxd4 4.Nxd4 e6 5.Nc3 Qc7 6.Ndb5 Qb8 7.Be2 a6 8.Nd4 Nf6
9.O-O Bb4 10.Bf3 Ne5 11.Nce2 Nxf3+ 12.Nxf3 d6 13.c3 Bc5 14.Bg5 Nxe4 15.Qa4+  1-0

[Event "Politiken Cup 2013"]
[Site "Helsingor DEN"]
[Date "2013.08.02"]
[Round "8.104"]
[White "Hansen,Tommy"]
[Black "Olsen,Mi"]
[Result "0-1"]
[WhiteElo "1804"]
[BlackElo "1959"]

1.e4 c5 2.Nf3 e6 3.d4 cxd4 4.Nxd4 Nc6 5.Nc3 a6 6.Nxc6 bxc6 7.Bd3 d5 8.O-O Nf6
9.Re1 Be7 10.e5 Nd7 11.Qg4 g6 12.Bh6 Qc7 13.Qh3 Rg8 14.Bf4 h5 15.Na4 g5 16.Be3 h4
17.Qg4 Nxe5 18.Qh5 Nxd3 19.Qh7 Rf8 20.Qxd3 Rb8 21.b3 c5 22.Rad1 Bb7 23.Qc3 d4
24.Rxd4 Qc6 25.Rg4 f5 26.f3 fxg4 27.Qe5 gxf3 28.gxf3 Qxf3 29.Qxb8+ Bd8 30.Qxb7 Qxb7
31.Nxc5 Qb4 32.Nd3 Qg4+ 33.Kh1 Qf3+  0-1

[Event "9th Ribeira Valley Open 2013"]
[Site "Registro BRA"]
[Date "2013.08.02"]
[Round "7.2"]
[White "Bachmann,Ax"]
[Black "Barbosa,Ev"]
[Result "1/2-1/2"]
[WhiteElo "2536"]
[BlackElo "2441"]

1.e4 c5 2.Nf3 e6 3.Nc3 Nc6 4.d4 cxd4 5.Nxd4 Qc7 6.Be3 a6 7.f4 b5 8.Bd3 Bb7
9.Nb3 d6 10.a4 b4 11.Na2 Nf6 12.O-O Be7 13.Qe1 O-O 14.Nxb4 Nxb4 15.Qxb4 d5
16.Bc5 a5 17.Qa3 Bxc5+ 18.Qxc5 Qxc5+ 19.Nxc5 dxe4 20.Bb5 Bd5 21.c3 Rac8 22.b4 Ba8
23.Rac1 Nd5 24.Nd7 Rfd8 25.bxa5 Nxc3 26.Nb6 Rc7 27.Bc4 Rxc4 28.Nxc4 Ne2+
29.Kf2 Nxc1 30.Rxc1 g5 31.fxg5 Rc8 32.a6 Bd5 33.a7 Ra8 34.Nb6 Rxa7 35.Rc5 Kg7
36.Ke3 Kg6 37.h4 Kh5 38.Kf4 e3 39.Kxe3 Kxh4 40.Kf4 Bxg2 41.a5 Kh5 42.Nc4 Kg6
43.Ne3 Bh1 44.Ng4 Bg2 45.Ne3 Bh1 46.Ng4 Bg2 47.Nf6 h6 48.Ng4 h5 49.Ne5+ Kg7
50.Kg3 Be4 51.Kh4 f6 52.Nc4 Bf3 53.Nd6 Kg6 54.gxf6 Kxf6 55.Kg3 Bd5 56.Kh4 Ke5
57.Nc8 Ra6 58.Nb6 Kd6 59.Rc1 Rxa5 60.Kxh5 Rb5 61.Nxd5 exd5 62.Kg4 Rb8 63.Kf3 Re8
64.Ra1 Kc5 65.Rc1+ Kb4 66.Rd1 Kc4 67.Rc1+ Kd4 68.Rd1+ Kc5 69.Rc1+ Kd6 70.Ra1 d4
71.Ra5 Kc6 72.Kf2 Re3 73.Rh5 Re7 74.Ra5 d3 75.Ra3 d2 76.Rd3 Rd7 77.Rxd7 Kxd7
78.Ke2 d1=Q+ 79.Kxd1  1/2-1/2

[Event "9th Ribeira Valley Open 2013"]
[Site "Registro BRA"]
[Date "2013.08.02"]
[Round "7.15"]
[White "Pontes,A"]
[Black "Mendonca,M"]
[Result "0-1"]
[WhiteElo "1973"]
[BlackElo "2315"]

1.e4 c5 2.Nf3 e6 3.d4 cxd4 4.Nxd4 Nc6 5.Nc3 d6 6.Be2 Nf6 7.Be3 Be7 8.f4 O-O
9.O-O Bd7 10.g4 Nxd4 11.Bxd4 Bc6 12.Bd3 Re8 13.g5 Nd7 14.Qh5 g6 15.Qh6 Bf8
16.Qh4 e5 17.Be3 exf4 18.Qxf4 Ne5 19.Bd4 Qd7 20.Nd5 Bxd5 21.exd5 Bg7 22.Rad1 Re7
23.a4 a6 24.b3 Rae8 25.Bxe5 Rxe5 26.h4 R8e7  0-1

[Event "9th Ribeira Valley Open 2013"]
[Site "Registro BRA"]
[Date "2013.08.02"]
[Round "8.3"]
[White "Molina,Rob"]
[Black "Barbosa,Ev"]
[Result "1/2-1/2"]
[WhiteElo "2431"]
[BlackElo "2441"]

1.e4 c5 2.Nf3 e6 3.d4 cxd4 4.Nxd4 Nc6 5.Nc3 Qc7 6.g3 a6 7.Bg2 Nf6 8.O-O d6
9.Be3 Be7 10.Qe2 O-O 11.Rad1 Nxd4 12.Bxd4 e5 13.Be3 Be6 14.Rfe1 Rac8 15.h3 b5
16.a3 Qc4 17.Qxc4 Rxc4 18.g4 Rfc8 19.Bd2 Nd7 20.Bf1 R4c6 21.Be3 Rb8 22.Rd2 Nb6
23.Nd5 Bxd5 24.exd5 Rcc8 25.b3 Bd8 26.a4 Nd7 27.axb5 axb5 28.Ra1 Nc5  1/2-1/2

[Event "5th Rethymno Open"]
[Site "Rethymno GRE"]
[Date "2013.08.02"]
[Round "7.2"]
[White "Popilski,G"]
[Black "Tukhaev,A"]
[Result "1/2-1/2"]
[WhiteElo "2506"]
[BlackElo "2520"]

1.e4 c5 2.Nf3 e6 3.d4 cxd4 4.Nxd4 Nc6 5.Nc3 d6 6.Be3 a6 7.Qd2 Bd7 8.O-O-O b5
9.Bxb5 axb5 10.Ndxb5 Ne5 11.Nxd6+ Bxd6 12.Qxd6 Nc4 13.Qd4 Nxe3 14.Qxe3 Ne7
15.Rd2 Qa5 16.Qd4 Bc6 17.Qxg7 Rg8 18.Qxh7 Rxg2 19.Qh8+ Rg8 20.Qd4 Rd8 21.Qxd8+ Qxd8
22.Rxd8+ Kxd8 23.h4 Rh8 24.h5 f5 25.Rd1+ Kc7 26.exf5 Nxf5 27.Re1 Nd4 28.Re5 Kd6
29.Rg5 Bf3 30.a4 Rxh5 31.Ne4+ Kc6 32.Kd2 Rh4 33.Rc5+ Kb6 34.a5+ Ka6 35.Nd6 Bd5
36.b4 Nf3+ 37.Kc3 Ng5 38.Rc8 Ne4+ 39.Nxe4 Rxe4 40.Rb8 Rf4 41.Rb6+ Ka7 42.Kd3 Rf3+
43.Ke2 Rc3 44.Kd2 Rf3 45.Ke2 Rc3  1/2-1/2

[Event "5th Rethymno Open"]
[Site "Rethymno GRE"]
[Date "2013.08.03"]
[Round "8.2"]
[White "Tukhaev,A"]
[Black "Kapnisis,S"]
[Result "1/2-1/2"]
[WhiteElo "2520"]
[BlackElo "2449"]

1.e4 c5 2.Nf3 e6 3.d4 cxd4 4.Nxd4 Nc6 5.Nc3 Qc7 6.Be3 a6 7.Be2 Nf6 8.O-O Bb4
9.Na4 O-O 10.c4 Be7 11.Nc3 Rd8 12.Rc1 b6 13.a3 Bb7 14.b4 Rab8 15.f4 Ba8 16.e5 Nxd4
17.Qxd4 Ne8 18.f5 f6 19.Bf4 fxe5 20.Bxe5 Bf6 21.Bxf6 Nxf6 22.fxe6 dxe6 23.Qe3 Re8
24.Rcd1 Kh8 25.Rd2 Qc6 26.Qg3 Rbd8 27.Rfd1 Rxd2 28.Rxd2 e5 29.h3 h6 30.Bf1 Bb7
31.Qe3 Kh7 32.Qd3+ e4 33.Qe3 Re7 34.Be2 Bc8 35.Rd8 Rd7 36.Rxd7 Bxd7 37.Qd4 Be6
38.b5 axb5 39.cxb5 Qb7 40.Qe5 Bf7 41.a4 Bg6 42.Bc4 Qc8 43.Be6 Qf8 44.a5 bxa5
45.b6 Qb4 46.Nb5 e3 47.b7 e2 48.Qxe2 Qc5+ 49.Qf2 Qe5 50.Qd4 Qxb5 51.Qa7 Qe5
52.b8=Q Qxe6 53.Qxa5 Qe3+ 54.Kh2 Ne8 55.Qa2 Qe1 56.Qd5 Nf6 57.Qde5 Qh4 58.Qf4 Qe1
59.Qbe5 Qd1 60.Qe7 Ne8 61.Qa7 Qe2 62.Qae3 Qa2 63.Qe7 Qb1 64.Qfb4 Qc2 65.Qd4 Qb1
66.g4 Qf1 67.h4 Nf6 68.g5 Be4 69.Qexe4+ Nxe4 70.Qxe4+ Kg8 71.Qe8+ Qf8 72.Qxf8+ Kxf8
73.gxh6 gxh6  1/2-1/2

[Event "XXII TCh-MKD 2013"]
[Site "Struga MKD"]
[Date "2013.08.03"]
[Round "6.1"]
[White "Kacakovski,D"]
[Black "Stefanovski,D"]
[Result "1-0"]
[WhiteElo "2131"]
[BlackElo "2326"]

1.e4 c5 2.Nf3 e6 3.d4 cxd4 4.Nxd4 Nc6 5.Nc3 Qc7 6.g3 a6 7.Bg2 Nf6 8.O-O Nxd4
9.Qxd4 Bc5 10.Qd3 h6 11.h3 e5 12.Be3 d6 13.Bxc5 Qxc5 14.Rfd1 Ke7 15.Na4 Qc6
16.f4 Ne8 17.fxe5 Qxa4 18.exd6+ Kd8 19.e5 Qb5 20.Qe3 Bd7 21.a4 Qa5 22.c3 Kc8
23.b4 Qd8 24.b5 a5 25.c4 Qg5 26.Qc5+ Kb8 27.Qd5 Ra7 28.Ra3 b6 29.c5 Qd8 30.c6 Be6
31.Qd4 Bc8 32.d7  1-0

[Event "100th ch-GBR 2013"]
[Site "Torquay ENG"]
[Date "2013.08.03"]
[Round "6.7"]
[White "Weaving,Richard"]
[Black "Zhou,Y"]
[Result "0-1"]
[WhiteElo "2196"]
[BlackElo "2469"]

1.e4 c5 2.Nf3 Nc6 3.d4 cxd4 4.Nxd4 e6 5.Nc3 Qc7 6.Be3 a6 7.Qd2 Nf6 8.O-O-O Be7
9.f4 b5 10.Bd3 b4 11.Nce2 Na5 12.Ng3 Bb7 13.Qe2 d5 14.e5 Ne4 15.Bxe4 dxe4
16.Nh5 O-O-O 17.Kb1 Nc4 18.Bc1 Rd7 19.Nxg7 Rhd8 20.Ngxe6 fxe6 21.Nxe6 Rxd1
22.Rxd1 Rxd1 23.Qxd1 Qd7 24.Nd4 Bc5 25.c3 bxc3 26.bxc3 Bxd4 27.Qxd4 Qxd4
28.cxd4 e3 29.Kc2 e2 30.Bd2 Be4+ 31.Kc3 Ne3 32.d5 Nxg2 33.Kd4 Bb1 34.e6 e1=Q
35.Bxe1 Nxe1 36.Ke5 Nd3+ 37.Kf5 Bxa2 38.Ke4 Nxf4  0-1

[Event "XXII TCh-MKD 2013"]
[Site "Struga MKD"]
[Date "2013.08.04"]
[Round "7.5"]
[White "Gochev,M"]
[Black "Petkovski,V"]
[Result "1/2-1/2"]
[WhiteElo "2266"]
[BlackElo "2143"]

1.e4 c5 2.Nc3 Nc6 3.Nge2 e6 4.d4 cxd4 5.Nxd4 a6 6.g3 Qc7 7.Bg2 Nf6 8.O-O d6
9.Be3 Bd7 10.Nb3 Ne5 11.Qe2 Nc4 12.Bc1 Rc8 13.Rd1 b5 14.a4 Be7 15.axb5 axb5
16.Nd4 b4 17.Nb1 O-O 18.c3 Rb8 19.Nd2 Ne5 20.c4 Qc5 21.N4b3 Qc7  1/2-1/2

[Event "Chinese Teams 2013"]
[Site "Wuxi CHN"]
[Date "2013.08.04"]
[Round "9.3"]
[White "Zhai Mo"]
[Black "Lei Tingjie"]
[Result "1/2-1/2"]
[WhiteElo "2319"]
[BlackElo "2320"]

1.e4 c5 2.Nf3 e6 3.d4 cxd4 4.Nxd4 Nc6 5.Nc3 Qc7 6.Be3 a6 7.Qd2 Nf6 8.O-O-O Be7
9.f3 b5 10.g4 Nxd4 11.Qxd4 Bb7 12.g5 Nh5 13.Kb1 Rc8 14.Qd2 g6 15.Be2 Bb4
16.Bd4 O-O 17.Bf6 d5 18.exd5 Nxf6 19.gxf6 Qe5 20.Qh6 Qxf6 21.Ne4 Qg7 22.Qf4 Kh8
23.d6 e5 24.Qe3 f5 25.Ng5 Qf6 26.d7 Rcd8 27.h4 Bd6 28.Rd2 Rxd7 29.Qb6 h6
30.Rhd1 hxg5 31.Rxd6 Rxd6 32.Rxd6 Qf7 33.Rxg6 g4 34.fxg4 fxg4 35.b3 Bf3 36.Bd3 e4
37.Bf1 Bd1 38.Qd4+ Kh7 39.h5 Bxc2+ 40.Kxc2 Qf2+ 41.Qxf2 Rxf2+ 42.Kc3 Rxf1
43.Rxg4 Ra1 44.Rxe4 Rxa2 45.Re6 a5 46.Ra6  1/2-1/2

[Event "Arad Open 2013"]
[Site "Arad ROU"]
[Date "2013.08.05"]
[Round "4.5"]
[White "Petenyi,T"]
[Black "Cvetkovic,Sr"]
[Result "1/2-1/2"]
[WhiteElo "2480"]
[BlackElo "2352"]

1.e4 c5 2.Nf3 e6 3.d4 cxd4 4.Nxd4 Nc6 5.Nc3 a6 6.Be3 Nf6 7.Qd2 Ng4 8.Nxc6 bxc6
9.Bf4 e5 10.Bg3 d6 11.Bc4 Be7 12.O-O O-O 13.Bb3 Be6 14.Rfd1 a5 15.Bxe6 fxe6
16.Qe2 Nf6 17.Bxe5 Qb8 18.Bd4 c5 19.Be3 Qxb2 20.Qc4 d5 21.exd5 Qb4 22.Qd3 Rad8
23.Rab1 Qh4 24.Qa6 Rd6 25.Qe2 Nxd5 26.Nxd5 exd5 27.Bxc5 Rh6 28.Qxe7 Qxh2+
29.Kf1 Qh1+ 30.Ke2 Qh5+ 31.Kd2 Re8 32.Rh1 Qg6 33.Qd7 Re2+ 34.Kxe2 Qxc2+ 35.Ke3 Qxc5+
36.Kf3 Qc3+ 37.Ke2 Qc2+ 38.Ke3 Qc3+ 39.Ke2 Qc2+ 40.Ke3 Qc3+  1/2-1/2

[Event "FSIM August 2013"]
[Site "Budapest HUN"]
[Date "2013.08.05"]
[Round "3.6"]
[White "Szalanczy,E"]
[Black "Kantor,G"]
[Result "1-0"]
[WhiteElo "2285"]
[BlackElo "2371"]

1.e4 c5 2.Nf3 e6 3.d4 cxd4 4.Nxd4 Nc6 5.Nc3 Qc7 6.Be3 a6 7.Qd2 Nf6 8.O-O-O Bb4
9.f3 Ne5 10.Kb1 Nc4 11.Bxc4 Qxc4 12.Nde2 b5 13.Qc1 Qc7 14.Bf4 e5 15.Bg5 Be7
16.Bxf6 Bxf6 17.Nd5 Qd8 18.Qe3 O-O 19.Nec3 d6 20.Nxf6+ Qxf6 21.Rd2 Be6 22.Rhd1 Rfd8
23.a3 Rab8 24.Qa7 b4 25.axb4 Rxb4 26.b3 Rdb8 27.Nd5 Bxd5 28.Rxd5 h6 29.Kb2 Qg5
30.R1d2 R8b6 31.Qd7 Qe3 32.R5d3 Qe1 33.Qe8+ Kh7 34.Qxf7 Ra4 35.Rd1 Qa5 36.Qf5+ Kg8
37.Qc8+ Kh7 38.Qc3 Ra2+ 39.Kb1 Qa3 40.Rxd6 Rxc2 41.Kxc2 Rxd6 42.Rxd6 Qxd6
43.b4 Qe6 44.Kb2 Qd6 45.Kc1 Qe6 46.Kd1 Kg6 47.Ke1 Kf6 48.Kf2 Kg6 49.Qc5 Kh7
50.Qf8 Qb6+ 51.Qc5 Qe6 52.h3 Qa2+ 53.Kg3 Qb2 54.Qf8 Qd4 55.h4 Qc3 56.Kg4 Qb2
57.g3 Qc3 58.h5 Qe1 59.Kf5 Qf2 60.Kxe5 Qxg3+ 61.Kd5 Qe1 62.Kc6 Qe2 63.Qf5+ Kh8
64.Kb6 Qc4 65.Qc5 Qe6+ 66.Kb7 Qa2 67.e5 Qf7+ 68.Kxa6 Qxf3 69.Qc8+ Kh7 70.b5 Qxh5
71.Qc2+ Kg8 72.Qc4+ Kh7 73.Qe4+ Kg8 74.Qa8+ Kh7 75.Qe4+ Kg8 76.e6 Qe8 77.b6 Qe7
78.Qd5 h5 79.b7 Qa3+ 80.Kb6 Qb2+ 81.Kc6 Qc2+ 82.Kd7 Qa4+ 83.Kc7 Qc2+ 84.Kd8  1-0

[Event "3rd Riga Tech Uni Op"]
[Site "Riga LAT"]
[Date "2013.08.05"]
[Round "1.6"]
[White "Schuetze,N"]
[Black "Van Kampen,R"]
[Result "0-1"]
[WhiteElo "2245"]
[BlackElo "2606"]

1.e4 c5 2.Nf3 e6 3.d4 cxd4 4.Nxd4 Nc6 5.Nc3 Qc7 6.Be3 a6 7.Qd2 Nf6 8.O-O-O Be7
9.f3 b5 10.g4 Nxd4 11.Qxd4 Bb7 12.Kb1 Rc8 13.Rc1 O-O 14.g5 Nh5 15.Ne2 f5
16.gxf6 Rxf6 17.Bg5 Bc5 18.Qd3 Rg6 19.Bd2 d5 20.exd5 Bxd5 21.Nc3 Bc6 22.Ne4 Rd8
23.Qe2 Bb6 24.Qe1 Qe5 25.Bc3 Bd4 26.Rd1 Rd7 27.Bd3 Nf4 28.Bxd4 Rxd4 29.Qc3 Qd5
30.Nf2 Nxd3 31.Nxd3 Rg2 32.Rc1 Rc4 33.Qe5 Qxe5 34.Nxe5 Rc5 35.Rhe1 Rxh2 36.b4 Rxe5
37.Rxe5 Bd5 38.f4 Rf2 39.f5 Rxf5 40.Rxf5 exf5 41.Kb2 h5 42.Kc3 h4 43.Kd4 Be4
44.c4 h3 45.cxb5 axb5  0-1

[Event "XI Miguel Najdorf Open A 2013"]
[Site "Warsaw POL"]
[Date "2013.08.05"]
[Round "1.20"]
[White "Sujkowski,P"]
[Black "Iwanow,A"]
[Result "0-1"]
[WhiteElo "1977"]
[BlackElo "2230"]

1.e4 c5 2.Nf3 e6 3.d4 cxd4 4.Nxd4 Nc6 5.Nc3 Qc7 6.g3 Nf6 7.Bg2 a6 8.O-O d6
9.Re1 Bd7 10.Nxc6 bxc6 11.Na4 h5 12.h3 Be7 13.c4 Rb8 14.b3 h4 15.g4 e5 16.f4 Nh7
17.Qd3 exf4 18.Bxf4 Be6 19.c5 Rd8 20.Qxa6 O-O 21.cxd6 Bxd6 22.Bxd6 Qxd6 23.Qe2 Ng5
24.e5 Qd2 25.Nb6 Qb4 26.Qe3 f6 27.exf6 gxf6 28.Rad1 Rde8 29.Qd4 Qa5 30.Na4 Rd8
31.Qe3 Bd5 32.Qf2 Bxg2 33.Qxg2 Rxd1 34.Rxd1 Re8 35.Kh2 Re3 36.Qxc6 Qe5+ 37.Kg1 Nxh3+  0-1

[Event "Chinese Teams 2013"]
[Site "Wuxi CHN"]
[Date "2013.08.05"]
[Round "10.4"]
[White "Wan Yunguo"]
[Black "Li Chao2"]
[Result "1-0"]
[WhiteElo "2512"]
[BlackElo "2693"]

1.e4 c5 2.Nf3 e6 3.d4 cxd4 4.Nxd4 Nc6 5.Nc3 Qc7 6.Be2 a6 7.O-O Nf6 8.Be3 Be7
9.f4 d6 10.Kh1 O-O 11.a4 Re8 12.Bd3 e5 13.fxe5 Nxe5 14.a5 Bg4 15.Qe1 Rac8
16.h3 Bd7 17.Nf5 Bxf5 18.Rxf5 Qd7 19.Bd4 Bd8 20.Qg3 Qe6 21.Raf1 Nfd7 22.Nd5 Qh6
23.Be3 Qg6 24.Qe1 Qe6 25.b4 Nf6 26.Nf4 Qd7 27.Qg3 Ng6 28.Bd4 Nxe4 29.Bxe4 Rxe4
30.Nxg6 Rxd4 31.Rxf7 Qxf7 32.Rxf7 Kxf7 33.Nh8+ Kf8 34.c3 Rd1+ 35.Kh2 Rf1
36.Qd3 Rf6 37.Qxh7 Rxc3 38.Qh5 g5 39.Qh7 d5 40.Ng6+ Ke8 41.Qg8+ Kd7 42.Nf8+ Ke7
43.Qg7+ Ke8 44.Qd7+ Kxf8 45.Qxd8+ Kg7 46.Qxd5 Kg6 47.Qxb7 Rcc6 48.Qa8 Kg7
49.Qa7+ Kg6 50.Qe3 Rfe6 51.Qd3+ Kh6 52.Qd8 Rcd6 53.Qh8+ Kg6 54.Qc3 Rc6 55.Qd3+ Kh6
56.Kg3 Red6 57.Qe3 Re6 58.Qd4 Red6 59.Qh8+ Kg6 60.Qg8+ Kh6 61.Kg4 Rd4+ 62.Kf5 Rf4+
63.Ke5 Rcc4 64.Qh8+ Kg6 65.g4 Rce4+ 66.Kd5 Rxb4 67.Qh5+ Kf6 68.Qh6+ Kf7 69.Qxa6 Kg7
70.Qa7+ Kg6 71.Qa8 Rbd4+ 72.Ke5 Ra4 73.Qg8+  1-0

[Event "Arad Open 2013"]
[Site "Arad ROU"]
[Date "2013.08.06"]
[Round "6.8"]
[White "Daianu,C"]
[Black "Filip,L"]
[Result "0-1"]
[WhiteElo "2233"]
[BlackElo "2453"]

1.e4 c5 2.Nf3 Nc6 3.Nc3 e6 4.d4 cxd4 5.Nxd4 Qc7 6.Be3 Nf6 7.Qd2 Nxd4 8.Bxd4 e5
9.Be3 Bb4 10.f3 d6 11.O-O-O Be6 12.a3 Bxc3 13.Qxc3 Qxc3 14.bxc3 Ke7 15.g4 Rhc8
16.Kb2 Nd7 17.Bb5 Nc5 18.Rhe1 f6 19.Rd2 a6 20.Bxc5 Rxc5 21.Ba4 d5 22.exd5 Rxd5
23.Rd3 Rad8 24.Ree3 R8d6 25.h3 g5 26.Bb3 Rxd3 27.cxd3 Rb6 28.c4 Kd6 29.Kc3 Kc5
30.Bc2 Rd6 31.a4 Bd7 32.Re1 Bc6 33.Bd1 Rd4 34.Re3 a5 35.Kb3 Rf4 36.Kc3 b6
37.Re4 Bxe4 38.dxe4 f5  0-1